000 00963nam a22002417a 4500
003 urs
005 20230906155654.0
008 230906b |||||||| |||| 00| 0 eng d
100 _95784
_aDe Jesus, Krisanda Marie O.
_eauthor
245 _a5 C's credit risk management applied by manufacturing companies in Binangonan, Rizal
_cKrisanda Marie O. De Jesus, Jereca Ynah M. Espineda, Joshua E. Medina
260 _c2023
300 _axiv, 136 leaves
_c28 cm
336 _2rdacontent
_atext
337 _2rdamedia
_aunmediated
338 _2rdacarrier
_avolume
500 _aUndergraduate Thesis
502 _bBachelor of Science in Business Administration major in Financial Management
_cUniversity of Rizal System Binangonan
_d2023
504 _aIncludes bibliographical references.
700 _95785
_aEspineda, Jereca Ynah M.
_eauthor
700 _95786
_aMedina, Joshua E.
_eauthor
700 _93631
_aOkken R. San Diego, MaEd, MAT
_eAdviser
942 _2lcc
_cT
999 _c72823
_d72822